000 00529cam a2200181 a 4500
020 _a9251023417
040 _cDLC
082 0 0 _a333 FOO 1985 C159 Or.
245 0 0 _aTree growing by rural people.
260 _aRome :
_bFood and Agriculture Organization of the United Nations,
_c1985.
300 _aix, 130 p. :
_bill. ;
_c30 cm.
650 0 _aTree planting
650 0 _aReforestation
650 0 _aFuelwood
650 0 _aForest policy
710 2 _aFood and Agriculture Organization of the United Nations.
942 _cAEDBB
999 _c19055
_d19055